[Event "Asian Nations Cup w 2016"]
[Site "Abu Dhabi UAE"]
[Date "2016.03.29"]
[Round "2.2"]
[White "Tania, Sachdev"]
[Black "Zhao, Xue"]
[Result "1/2-1/2"]
[WhiteTitle "IM"]
[BlackTitle "GM"]
[WhiteElo "2370"]
[BlackElo "2504"]
[WhiteTeam "India"]
[BlackTeam "China"]
[WhiteFideId "5007844"]
[BlackFideId "8601283"]
[EventDate "2016.03.28"]
[EventType "team"]

1. d4 Nf6 2. c4 e6 3. Nf3 Bb4+ 4. Bd2 a5 5. g3 d6 6. Bg2 Nbd7 7. O-O e5 8. Bc1
exd4 9. Nxd4 a4 10. Nc2 Bc5 11. Nc3 O-O 12. Rb1 Re8 13. b3 axb3 14. axb3 h6 15.
Bb2 Bb6 16. Na4 Ba7 17. Ra1 Bb8 18. Ne3 c6 19. Qc2 Ra5 20. Nc3 Nf8 21. Rxa5 Qxa5
22. Ne4 Nxe4 23. Bxe4 Bh3 24. Ra1 Qh5 25. Bf3 Qg5 26. Bg2 Bxg2 27. Kxg2 Ne6 28.
Qf5 Bc7 29. h4 Qxf5 30. Nxf5 f6 31. e3 h5 32. Ra7 Rb8 33. Nd4 Bb6 34. Ra1 Kf7
35. Nxe6 Kxe6 36. Bd4 c5 37. Bc3 d5 38. Kf3 Rd8 39. Ba5 Ra8 40. Bc3 Rxa1 41.
Bxa1 Bc7 42. Bb2 Bd8 43. Ke2 g5 44. hxg5 fxg5 45. f4 dxc4 46. bxc4 Kf5 47. fxg5
Bxg5 48. Kf3 Be7 1/2-1/2

[Event "Asian Nations Cup w 2016"]
[Site "Abu Dhabi UAE"]
[Date "2016.03.29"]
[Round "2.3"]
[White "Tan, Zhongyi"]
[Black "Padmini, Rout"]
[Result "1-0"]
[WhiteTitle "WGM"]
[BlackTitle "IM"]
[WhiteElo "2518"]
[BlackElo "2439"]
[WhiteTeam "China"]
[BlackTeam "India"]
[WhiteFideId "8603642"]
[BlackFideId "5029295"]
[EventDate "2016.03.28"]
[EventType "team"]

1. c4 e5 2. Nc3 Nf6 3. g3 d5 4. cxd5 Nxd5 5. Bg2 Nb6 6. e3 Nc6 7. Nge2 Nb4 8.
O-O Nd3 9. f4 exf4 10. Nxf4 Nxf4 11. gxf4 Be7 12. b3 f5 13. Bb2 c6 14. Qh5+ g6
15. Qe2 O-O 16. Rad1 Bf6 17. d4 Be6 18. e4 fxe4 19. Nxe4 Bd5 20. f5 gxf5 21.
Rxf5 Bg7 22. Rdf1 Rxf5 23. Rxf5 Qh4 24. Nd6 h6 25. Ne8 Bxd4+ 26. Kh1 Bf7 27.
Nf6+ Bxf6 28. Bxf6 Qb4 29. a3 Qxb3 30. Qg4+ Kf8 31. Rf1 Qe6 32. Qg7+ Ke8 33. Bh4
Rc8 34. Re1 1-0

[Event "Asian Nations Cup w 2016"]
[Site "Abu Dhabi UAE"]
[Date "2016.03.29"]
[Round "2.4"]
[White "Soumya, Swaminathan"]
[Black "Lei, Tingjie"]
[Result "1-0"]
[WhiteTitle "WGM"]
[BlackTitle "WGM"]
[WhiteElo "2384"]
[BlackElo "2495"]
[WhiteTeam "India"]
[BlackTeam "China"]
[WhiteFideId "5016193"]
[BlackFideId "8605114"]
[EventDate "2016.03.28"]
[EventType "team"]

1. e4 c5 2. Nf3 e6 3. d4 cxd4 4. Nxd4 Nc6 5. Nc3 Qc7 6. Be2 Nf6 7. O-O Be7 8.
Be3 d6 9. f4 O-O 10. Kh1 Nxd4 11. Qxd4 b6 12. Bf3 Bb7 13. Rf2 Rfd8 14. Nb5 Qb8
15. c4 a6 16. Nc3 Nd7 17. Qd2 Qc7 18. Rc1 Rac8 19. b3 Qb8 20. f5 Bf6 21. fxe6
fxe6 22. Bg4 Re8 23. Nd5 Bc6 24. Nxf6+ Nxf6 25. Rxf6 gxf6 26. Bd4 Qc7 27. Bxf6
Qf7 28. Rf1 Qg6 29. Bh3 Bxe4 30. Qxd6 Rc6 31. Qe5 h6 32. Re1 Bd3 33. Re3 Rc5 34.
Bxe6+ Kh7 35. Qd4 Rc7 36. h3 Rf8 37. Qd6 Qxf6 38. Qxc7+ Kh8 39. Rf3 Qa1+ 40. Kh2
Rxf3 41. Qd8+ Kg7 42. Qg8+ Kf6 43. Qh8+ 1-0

[Event "Asian Nations Cup w 2016"]
[Site "Abu Dhabi UAE"]
[Date "2016.03.29"]
[Round "2.1"]
[White "Nomin-Erdene, Davaademberel"]
[Black "Saleh, Nora Mohd"]
[Result "1-0"]
[WhiteTitle "IM"]
[BlackTitle "WIM"]
[WhiteElo "2489"]
[BlackElo "1920"]
[WhiteTeam "Mongolia"]
[BlackTeam "UAE - 1"]
[WhiteFideId "4900782"]
[BlackFideId "9301607"]
[EventDate "2016.03.28"]
[EventType "team"]

1. e4 c5 2. Nf3 e6 3. d4 cxd4 4. Nxd4 a6 5. c4 Nf6 6. Nc3 Bb4 7. Bd3 Nc6 8. Ne2
d5 9. O-O d4 10. Nb1 Ng4 11. h3 Nge5 12. f4 Nxd3 13. Qxd3 Bc5 14. a3 a5 15. Nd2
b6 16. b3 O-O 17. Nf3 Ra7 18. Bd2 Rd7 19. Ne1 e5 20. Nf3 f6 21. Ng3 Rdf7 22.
fxe5 fxe5 23. b4 axb4 24. axb4 Bxb4 25. Bxb4 Nxb4 26. Qb3 Nc6 27. Rab1 Na5 28.
Qb5 Bxh3 29. Nxe5 Rxf1+ 30. Nxf1 Be6 31. Qxb6 Qxb6 32. Rxb6 Bxc4 33. Nd2 Be2 34.
Rd6 Re8 35. Nef3 Nc4 36. Nxc4 Bxc4 37. Rxd4 Bb5 38. Kf2 h6 39. Ke3 Bc6 40. Nh4
Kf7 41. Nf5 Re6 42. Rc4 Kf6 43. Ng3 g6 44. Rb4 h5 45. Ne2 Kg5 46. Nf4 Re5 47.
Nd3 Re8 48. Nc5 Re7 49. Rb6 Be8 50. Kd4 Bf7 51. e5 Kh6 52. e6 Be8 53. Ke5 Kg7
54. Kd6 Kf8 55. Nd7+ Bxd7 56. exd7 Rxd7+ 57. Kxd7 Kf7 58. Re6 Kg7 59. Kd6 Kh6
60. Ke5 Kg5 61. g3 1-0

[Event "Asian Nations Cup w 2016"]
[Site "Abu Dhabi UAE"]
[Date "2016.03.29"]
[Round "2.2"]
[White "Al-Zarouni, Kholoud Essa"]
[Black "Munguntuul, Batkhuyag"]
[Result "0-1"]
[WhiteTitle "WIM"]
[BlackTitle "IM"]
[WhiteElo "1861"]
[BlackElo "2444"]
[WhiteTeam "UAE - 1"]
[BlackTeam "Mongolia"]
[WhiteFideId "9301194"]
[BlackFideId "4900758"]
[EventDate "2016.03.28"]
[EventType "team"]

1. e4 g6 2. d4 Bg7 3. Nf3 d6 4. Bc4 a6 5. a4 Nf6 6. Nc3 Nc6 7. Be3 O-O 8. O-O
Nxe4 9. Nxe4 d5 10. Bd3 dxe4 11. Bxe4 Nb4 12. Qd2 Nd5 13. Bh6 Nf6 14. Bd3 Bg4
15. Bxg7 Kxg7 16. Qf4 Bxf3 17. Qxf3 c6 18. c3 a5 19. Rfe1 Qd6 20. Bc4 Nd7 21.
Re4 Nf6 22. Re5 e6 23. Rae1 Nd7 24. R5e3 Rab8 25. Qe2 Nb6 26. Re5 Nxa4 27. Rxa5
b5 28. Bb3 Qc7 29. Qe5+ Qxe5 30. Rxe5 Nxb2 31. g3 Ra8 32. Rxa8 Rxa8 33. Re2 Ra1+
34. Kg2 Nd3 35. Kf3 Nc1 36. Rb2 Ra3 37. Bc2 Rxc3+ 38. Ke4 Kf6 39. f4 Ke7 40. Bd1
f5+ 0-1

[Event "Asian Nations Cup w 2016"]
[Site "Abu Dhabi UAE"]
[Date "2016.03.29"]
[Round "2.3"]
[White "Amina, Battsooj"]
[Black "Abeer, Ali"]
[Result "1-0"]
[BlackTitle "WCM"]
[WhiteElo "2250"]
[BlackElo "1644"]
[WhiteTeam "Mongolia"]
[BlackTeam "UAE - 1"]
[WhiteFideId "4902661"]
[BlackFideId "9302930"]
[EventDate "2016.03.28"]
[EventType "team"]

1. e4 c6 2. Nf3 d5 3. Nc3 dxe4 4. Nxe4 Bg4 5. Bc4 e6 6. h3 Bh5 7. Ng3 Bxf3 8.
Qxf3 Nd7 9. Qe2 Qc7 10. d4 O-O-O 11. c3 Ngf6 12. O-O h6 13. a4 g5 14. b4 Rg8 15.
b5 c5 16. a5 Nd5 17. Qf3 N7f6 18. b6 axb6 19. a6 bxa6 20. Bxa6+ Kd7 21. Nf5 exf5
22. Qxf5+ Kc6 23. c4 Be7 24. cxd5+ Rxd5 25. Qf3 g4 26. hxg4 Nxg4 27. Bf4 Bd6 28.
Bc4 Nf6 29. Bxd6 Qxd6 30. dxc5 Qxc5 31. Bxd5+ 1-0

[Event "Asian Nations Cup w 2016"]
[Site "Abu Dhabi UAE"]
[Date "2016.03.29"]
[Round "2.4"]
[White "Al Maamari, Wafia Darwish"]
[Black "Enkhtuul, Altan-Ulzii"]
[Result "0-1"]
[WhiteTitle "WCM"]
[BlackTitle "WGM"]
[WhiteElo "1491"]
[BlackElo "2209"]
[WhiteTeam "UAE - 1"]
[BlackTeam "Mongolia"]
[WhiteFideId "9305734"]
[BlackFideId "4901444"]
[EventDate "2016.03.28"]
[EventType "team"]

1. e4 g6 2. d4 Bg7 3. Nf3 d6 4. Be3 Nf6 5. Nc3 c6 6. Bc4 b5 7. Bd3 O-O 8. O-O
Bb7 9. Qd2 Re8 10. Bh6 Bh8 11. a3 e5 12. dxe5 dxe5 13. b4 Nbd7 14. Be3 a6 15.
Ne2 c5 16. Ng3 c4 17. Be2 Nxe4 18. Nxe4 Bxe4 19. Ng5 Bb7 20. c3 Nf6 21. Qc2 h6
22. Nf3 Bg7 23. Rad1 Qc7 24. Bc5 Ne4 25. Be3 f5 26. Nd2 Nf6 27. Nf3 Kh7 28. Nh4
Be4 29. Qc1 f4 30. Bc5 Rad8 31. f3 Bd3 32. Bxd3 cxd3 33. g3 fxg3 34. hxg3 e4 35.
f4 Nd5 36. c4 Nc3 37. Rd2 e3 38. Rb2 d2 39. Qc2 Qc6 40. Ng2 d1=Q 41. Rxd1 Rxd1+
42. Kh2 Rd2 0-1

[Event "Asian Nations Cup w 2016"]
[Site "Abu Dhabi UAE"]
[Date "2016.03.29"]
[Round "2.1"]
[White "Muminova, Nafisa"]
[Black "Khademalsharieh, Sarasadat"]
[Result "1/2-1/2"]
[WhiteTitle "WGM"]
[BlackTitle "IM"]
[WhiteElo "2318"]
[BlackElo "2450"]
[WhiteTeam "Uzbekistan"]
[BlackTeam "Iran"]
[WhiteFideId "14201526"]
[BlackFideId "12512214"]
[EventDate "2016.03.28"]
[EventType "team"]

1. e4 e5 2. Nf3 Nc6 3. Bb5 a6 4. Ba4 Nge7 5. c3 g6 6. d4 exd4 7. cxd4 b5 8. Bc2
Bg7 9. d5 Na5 10. Bd2 c5 11. Bc3 O-O 12. O-O d6 13. a4 b4 14. Bxg7 Kxg7 15. b3
Ng8 16. Nbd2 Nf6 17. Bd3 Re8 18. Qc2 Nd7 19. Rac1 Qf6 20. Rfe1 Bb7 21. Bf1 h6
22. Re3 Re7 23. Ne1 Kg8 24. Nd3 Rae8 25. Rce1 Qg7 26. Nf4 Qe5 27. Nd3 Qg7 28.
Nf4 Qe5 29. Nd3 Qg7 30. Qd1 1/2-1/2

[Event "Asian Nations Cup w 2016"]
[Site "Abu Dhabi UAE"]
[Date "2016.03.29"]
[Round "2.2"]
[White "Pourkashiyan, Atousa"]
[Black "Kurbonboeva, Sarvinoz"]
[Result "1-0"]
[WhiteTitle "WGM"]
[BlackTitle "WIM"]
[WhiteElo "2372"]
[BlackElo "2172"]
[WhiteTeam "Iran"]
[BlackTeam "Uzbekistan"]
[WhiteFideId "12502014"]
[BlackFideId "14201780"]
[EventDate "2016.03.28"]
[EventType "team"]

1. e4 c5 2. Nf3 g6 3. d4 cxd4 4. Nxd4 Nf6 5. Nc3 d6 6. Be3 Bg7 7. f3 Nc6 8. Bc4
O-O 9. Qd2 Bd7 10. Bb3 Nxd4 11. Bxd4 b5 12. h4 a5 13. h5 a4 14. Bd5 b4 15. Bxf6
exf6 16. Ne2 f5 17. exf5 Bxf5 18. Bxa8 Qxa8 19. Rd1 Qa5 20. a3 Qe5 21. axb4 Qxb2
22. c3 a3 23. hxg6 Bxg6 24. Kf2 Rc8 25. Qxb2 axb2 26. Rb1 Bxb1 27. Rxb1 Bxc3 28.
Nxc3 Rxc3 29. Rxb2 Rc6 30. Ke3 Kf8 31. b5 Rb6 32. Kd4 Ke7 33. Kc4 Kd7 34. Kb4 d5
35. Kc5 Rg6 36. b6 Kc8 37. b7+ Kb8 38. Kxd5 h5 39. f4 Re6 40. f5 Re3 41. Kd4 Re1
42. g3 Re8 43. Rb6 Rg8 44. Rb3 f6 45. Rb6 Rxg3 46. Rxf6 Kxb7 47. Rh6 Ra3 48. Ke5
Ra5+ 49. Kf4 Kc7 50. Rxh5 Kd7 51. Kg5 Ra6 52. Rh6 Ra1 53. Re6 Rg1+ 54. Kf6 Rf1
55. Re4 Rf2 56. Kg6 Rg2+ 57. Kf7 Kd6 58. f6 Ra2 59. Kg8 Rg2+ 60. Kf8 Rf2 61. f7
Kd7 62. Rg4 Ke6 63. Rg6+ Kd7 64. Rg1 Ke6 65. Kg8 Kd5 1-0

[Event "Asian Nations Cup w 2016"]
[Site "Abu Dhabi UAE"]
[Date "2016.03.29"]
[Round "2.3"]
[White "Gevorgyan, Irina"]
[Black "Hejazipour, Mitra"]
[Result "1-0"]
[WhiteTitle "WIM"]
[BlackTitle "WGM"]
[WhiteElo "2281"]
[BlackElo "2332"]
[WhiteTeam "Uzbekistan"]
[BlackTeam "Iran"]
[WhiteFideId "14201437"]
[BlackFideId "12505951"]
[EventDate "2016.03.28"]
[EventType "team"]

1. Nf3 c5 2. c4 Nc6 3. d4 cxd4 4. Nxd4 g6 5. e4 Bg7 6. Be3 Nf6 7. Nc3 d6 8. Be2
Nxd4 9. Qxd4 O-O 10. Qd2 Bd7 11. f3 a5 12. c5 Ne8 13. Rd1 Bc6 14. O-O Qc7 15.
Rc1 dxc5 16. Bxc5 Qe5 17. Qe3 Nd6 18. f4 Qe6 19. e5 Nf5 20. Qf2 Rfd8 21. Rfd1 g5
22. Bg4 Rxd1+ 23. Rxd1 h5 24. Bxf5 Qxf5 25. Bxe7 gxf4 26. Bf6 Bxf6 27. exf6 Kh7
28. Ne2 Rg8 29. Nxf4 Rg4 30. Nd5 Qe4 31. Ne3 Rg6 32. Re1 Qd4 33. Rd1 Rxg2+ 34.
Qxg2 Qxe3+ 35. Qf2 Qe4 36. Qg3 Qg4 37. Qxg4 hxg4 38. Rd4 Bf3 39. Kf2 Kg6 40. h3
Kxf6 41. hxg4 Bc6 42. Rf4+ Ke6 43. Ke3 f6 44. Kd4 b6 45. Rf2 Bd7 46. Ke4 Bc6+
47. Kf4 a4 48. Re2+ Kd6 49. Rd2+ Ke6 50. Rd8 b5 51. Rb8 Kd6 52. Rb6 Kd5 1-0

[Event "Asian Nations Cup w 2016"]
[Site "Abu Dhabi UAE"]
[Date "2016.03.29"]
[Round "2.4"]
[White "Alavi, Homa"]
[Black "Tokhirjonova, Gulrukhbegim"]
[Result "0-1"]
[BlackTitle "WIM"]
[WhiteElo "1974"]
[BlackElo "2259"]
[WhiteTeam "Iran"]
[BlackTeam "Uzbekistan"]
[WhiteFideId "12507547"]
[BlackFideId "14203626"]
[EventDate "2016.03.28"]
[EventType "team"]

1. d4 d5 2. Nf3 Nf6 3. g3 c6 4. Bg2 Bf5 5. c4 e6 6. Nc3 Nbd7 7. Qb3 Qb6 8. c5
Qxb3 9. axb3 a6 10. b4 Rc8 11. O-O Be7 12. Nd2 Bc2 13. e4 dxe4 14. Ndxe4 Nxe4
15. Nxe4 Bxe4 16. Bxe4 Nf6 17. Bg2 O-O 18. Bd2 Rfd8 19. Bc3 Nd5 20. Rad1 Bf6 21.
Rd2 Rd7 22. Bxd5 Rxd5 23. Rfd1 Rcd8 24. Kg2 h6 25. f4 g5 26. Kf3 Kh7 27. Ke4
gxf4 28. gxf4 Rg8 29. Kf3 Rf5 30. Rf2 h5 31. Rdf1 Rg4 32. Ke3 h4 33. h3 Rg8 34.
Rf3 Kh6 35. Kf2 Kh5 36. Rd1 Rd5 37. Rfd3 Bd8 38. Rf3 Rg6 39. Rg1 Rxg1 40. Kxg1
Bf6 41. Rd3 Kg6 42. Kf2 Kf5 43. Ke3 Rd8 44. Rd2 Rg8 45. Rf2 Rg1 46. Rf3 Rg2 47.
Kd3 Bd8 48. b3 Rg1 49. Ke3 Rb1 50. Kd3 Bc7 51. Ke2 Rxb3 52. Bd2 Rb1 53. Be1 Bd8
54. Bd2 Bf6 55. Rd3 Rg1 56. Kf2 Rh1 57. Kg2 Rd1 58. Kf2 Ke4 59. Ke2 Rg1 60. Re3+
Kd5 61. Bc3 Kc4 62. Be1 Bxd4 63. Re4 Rg2+ 64. Kf3 Rh2 65. f5 Rxh3+ 66. Kg4 exf5+
67. Kxf5 Re3 68. Bxh4 Rxe4 69. Kxe4 Bc3 0-1

[Event "Asian Nations Cup w 2016"]
[Site "Abu Dhabi UAE"]
[Date "2016.03.29"]
[Round "2.1"]
[White "Pham, Le Thao Nguyen"]
[Black "Al-Harmoudi, Mona"]
[Result "1-0"]
[WhiteTitle "IM"]
[BlackTitle "WIM"]
[WhiteElo "2335"]
[BlackElo "1694"]
[WhiteTeam "Vietnam"]
[BlackTeam "UAE - 2"]
[WhiteFideId "12401226"]
[BlackFideId "9301631"]
[EventDate "2016.03.28"]
[EventType "team"]

1. d4 Nf6 2. Nf3 g6 3. g3 Bg7 4. Bg2 O-O 5. O-O d5 6. c4 c5 7. dxc5 Qc7 8. cxd5
Qxc5 9. Nc3 Rd8 10. Ne1 Bf5 11. e4 Bg4 12. Qb3 e5 13. Qxb7 Nbd7 14. h3 Bh5 15.
g4 Nxg4 16. hxg4 Bxg4 17. Qb3 Nf6 18. Nd3 Qe7 19. Qb4 Qe8 20. Be3 Rdb8 21. Qa5
Nh5 22. f3 Bd7 23. Rf2 Bf8 24. Rd1 Qe7 25. d6 Qh4 26. Qxe5 f5 27. Qd5+ Kg7 28.
Ne5 Nf6 29. Qf7+ Kh8 30. Nxd7 Rb7 31. Qxf6+ 1-0

[Event "Asian Nations Cup w 2016"]
[Site "Abu Dhabi UAE"]
[Date "2016.03.29"]
[Round "2.2"]
[White "Shaikha, Abdallah Aldhaheri"]
[Black "Nguyen, Thi Mai Hung"]
[Result "0-1"]
[BlackTitle "WGM"]
[WhiteElo "1587"]
[BlackElo "2282"]
[WhiteTeam "UAE - 2"]
[BlackTeam "Vietnam"]
[WhiteFideId "9305343"]
[BlackFideId "12401676"]
[EventDate "2016.03.28"]
[EventType "team"]

1. d4 d5 2. Nf3 Nf6 3. g3 Bf5 4. Bg2 e6 5. O-O Be7 6. c4 c6 7. Nc3 O-O 8. b3
Nbd7 9. Bb2 Ne4 10. Nd2 Ndf6 11. f3 Nxc3 12. Bxc3 c5 13. e4 cxd4 14. Bxd4 dxe4
15. Nxe4 Nxe4 16. fxe4 Bg6 17. Be3 Qc7 18. Qe2 Rad8 19. Rad1 h6 20. Kh1 b6 21.
Qb2 Bf6 22. Qc1 Be5 23. Bf4 Bh5 24. Bf3 Bxf3+ 25. Rxf3 Rxd1+ 26. Qxd1 Rd8 27.
Qc1 Rd4 28. Bxe5 Qxe5 29. Qf4 Qxf4 30. Rxf4 e5 31. Rf2 Rxe4 32. Kg2 Rd4 33. Kf3
Kf8 34. Ke3 Ke7 35. h3 Ke6 36. g4 g6 37. Rg2 Rd1 38. g5 Rh1 39. gxh6 Rxh3+ 40.
Ke2 Rxh6 0-1

[Event "Asian Nations Cup w 2016"]
[Site "Abu Dhabi UAE"]
[Date "2016.03.29"]
[Round "2.3"]
[White "Hoang, Thi Nhu Y"]
[Black "Jehad, Aysha"]
[Result "1-0"]
[WhiteTitle "WIM"]
[WhiteElo "2247"]
[BlackElo "1597"]
[WhiteTeam "Vietnam"]
[BlackTeam "UAE - 2"]
[WhiteFideId "12401455"]
[BlackFideId "9303286"]
[EventDate "2016.03.28"]
[EventType "team"]

1. c4 c5 2. g3 Nc6 3. Bg2 g6 4. Nf3 e5 5. Nc3 Bg7 6. d3 Nge7 7. O-O O-O 8. a3 d6
9. Rb1 a5 10. Ne1 Be6 11. Nc2 d5 12. cxd5 Nxd5 13. Ne3 Nde7 14. Nc4 b6 15. Bd2
Rb8 16. Nb5 Nd4 17. Nxd4 cxd4 18. b4 Nd5 19. bxa5 b5 20. Bxd5 Qxd5 21. Nb6 Rxb6
22. axb6 Bh3 23. f3 Bxf1 24. Kxf1 Rb8 25. Qb3 Qxb3 26. Rxb3 Rxb6 27. a4 b4 28.
Rxb4 Rxb4 29. Bxb4 Bf6 30. a5 Bd8 31. a6 Bb6 32. Bd6 f6 33. Bb8 Kf7 34. a7 Bxa7
35. Bxa7 Ke6 36. Ke1 Kd5 37. e4+ dxe3 38. Ke2 Ke6 39. Kxe3 h5 40. f4 Kf5 41.
fxe5 Kxe5 42. Bd4+ Kf5 43. h3 Ke6 44. Bc3 g5 45. Kf3 f5 46. h4 Kd5 1-0

[Event "Asian Nations Cup w 2016"]
[Site "Abu Dhabi UAE"]
[Date "2016.03.29"]
[Round "2.4"]
[White "Bashaer, Khalil"]
[Black "Nguyen, Thi Thanh An"]
[Result "0-1"]
[WhiteTitle "WCM"]
[BlackTitle "WGM"]
[WhiteElo "1549"]
[BlackElo "2239"]
[WhiteTeam "UAE - 2"]
[BlackTeam "Vietnam"]
[WhiteFideId "9304843"]
[BlackFideId "12400300"]
[EventDate "2016.03.28"]
[EventType "team"]

1. e4 c5 2. c3 e6 3. d4 d5 4. exd5 exd5 5. Nf3 Nc6 6. Be3 cxd4 7. Nxd4 Nf6 8.
Bb5 Bd7 9. O-O Bd6 10. h3 O-O 11. Bd3 Re8 12. Nd2 h6 13. N2f3 Ne4 14. Re1 a6 15.
Rc1 Qf6 16. Bb1 Rad8 17. Re2 Bb8 18. Qb3 Qd6 19. Rd1 Nxd4 20. Rxd4 Bb5 21. Re1
Ng5 22. Bf4 Nxf3+ 0-1

[Event "Asian Nations Cup w 2016"]
[Site "Abu Dhabi UAE"]
[Date "2016.03.29"]
[Round "2.1"]
[White "Abdumalik, Zhansaya"]
[Black "Ranasinghe, S D"]
[Result "1-0"]
[WhiteTitle "WGM"]
[BlackTitle "WIM"]
[WhiteElo "2381"]
[BlackElo "1740"]
[WhiteTeam "Kazakhstan"]
[BlackTeam "Sri Lanka"]
[WhiteFideId "13703544"]
[BlackFideId "9902651"]
[EventDate "2016.03.28"]
[EventType "team"]

1. e4 c5 2. Nf3 Nc6 3. d4 cxd4 4. Nxd4 Nf6 5. Nc3 e5 6. Ndb5 d6 7. Bg5 a6 8. Na3
b5 9. Nd5 Be7 10. Bxf6 Bxf6 11. c4 b4 12. Nc2 Rb8 13. b3 Bg5 14. g3 O-O 15. Bg2
Be6 16. O-O a5 17. f4 Bh6 18. Nde3 exf4 19. gxf4 Qb6 20. Kh1 Rbd8 21. Qd3 Kh8
22. Rad1 Qc5 23. Qe2 f6 24. Qf3 g5 25. Qh5 Bg7 26. Nd5 Bf7 27. Qh3 Bg6 28. Nce3
Qa7 29. Nf5 Qd7 30. Nde3 Qe6 31. Qg3 gxf4 32. Qxf4 Qe5 33. Qh4 Rf7 34. Rd5 Qb2
35. Nxd6 Rfd7 36. Ndf5 a4 37. e5 fxe5 38. Nxg7 Kxg7 39. Qf6+ Kg8 40. Rxd7 1-0

[Event "Asian Nations Cup w 2016"]
[Site "Abu Dhabi UAE"]
[Date "2016.03.29"]
[Round "2.2"]
[White "Udupitiya, U G S S S"]
[Black "Davletbayeva, Madina"]
[Result "0-1"]
[BlackTitle "WIM"]
[WhiteElo "1709"]
[BlackElo "2295"]
[WhiteTeam "Sri Lanka"]
[BlackTeam "Kazakhstan"]
[WhiteFideId "9904921"]
[BlackFideId "13703595"]
[EventDate "2016.03.28"]
[EventType "team"]

1. e4 Nf6 2. e5 Nd5 3. d4 d6 4. Nf3 g6 5. Be2 Bg7 6. c4 Nb6 7. Nc3 O-O 8. Be3
Nc6 9. exd6 cxd6 10. Qd2 Bg4 11. b3 e6 12. O-O Bxf3 13. Bxf3 d5 14. c5 Nc8 15.
b4 Nxb4 16. Rfb1 Nc6 17. Rxb7 N8e7 18. Nb5 Nf5 19. g4 Nxe3 20. fxe3 Na5 21. Rxa7
Rxa7 22. Nxa7 Nc4 23. Qb4 Nxe3 24. Nc6 Qf6 25. Ne5 Qf4 26. Qb2 Bxe5 27. dxe5
Qxf3 28. c6 Rc8 29. Qf2 Qxg4+ 30. Kh1 Qe4+ 31. Kg1 Rxc6 32. Re1 d4 33. Rxe3 dxe3
34. Qb2 Rc2 35. Qxc2 Qxc2 36. a4 Qf2+ 37. Kh1 Qf1# 0-1

[Event "Asian Nations Cup w 2016"]
[Site "Abu Dhabi UAE"]
[Date "2016.03.29"]
[Round "2.3"]
[White "Dauletova, Gulmira"]
[Black "Wickramasinghe, Dilhara Ishini"]
[Result "1-0"]
[WhiteTitle "WIM"]
[BlackTitle "WFM"]
[WhiteElo "2269"]
[BlackElo "1757"]
[WhiteTeam "Kazakhstan"]
[BlackTeam "Sri Lanka"]
[WhiteFideId "13702971"]
[BlackFideId "9906738"]
[EventDate "2016.03.28"]
[EventType "team"]

1. e4 c5 2. Nf3 d6 3. Bb5+ Bd7 4. Bxd7+ Qxd7 5. O-O Nc6 6. c3 Nf6 7. Qe2 e6 8.
d4 cxd4 9. cxd4 d5 10. e5 Ne4 11. Be3 Be7 12. Ne1 f6 13. f3 Ng5 14. Nd3 Nf7 15.
f4 b6 16. Nd2 O-O-O 17. a3 Nh6 18. Bf2 Nf5 19. Nf3 Rde8 20. b4 h5 21. Qd2 Kb7
22. a4 Nb8 23. b5 Rc8 24. a5 Rc4 25. axb6 axb6 26. Qa2 Kc8 27. Nb2 Rc7 28. Rfc1
Kd8 29. Qa8 Rc8 30. Na4 Qxb5 31. Rxc8+ Kxc8 32. Rc1+ Kd7 33. Qb7+ Ke8 34. Qxb8+
Bd8 35. Rc8 Kf7 36. Rxd8 Rxd8 37. Qxd8 Qxa4 38. Qxb6 Qd1+ 39. Ne1 Ne3 40. Qb7+
Kg6 41. Qb5 Nc4 42. Qe8+ Kf5 43. Qf7 Qg4 44. exf6 gxf6 45. Qh7+ Qg6 46. Qxg6+
Kxg6 47. Kf1 Kf5 48. Nd3 Nd2+ 49. Ke2 Ne4 50. Be1 Nd6 51. Kf3 Nb5 52. Bf2 Nd6
53. Nb4 Ne4 54. Be1 Kg6 55. Nc6 Kf7 56. Bb4 Ke8 57. Na5 Kd7 58. Nb3 Kc6 59. Nc5
Nxc5 60. Bxc5 e5 61. fxe5 fxe5 62. Ba7 e4+ 63. Ke3 Kd6 64. Bc5+ Ke6 65. Kf4 Kf6
66. Bb4 Ke6 67. Kg5 e3 68. Kf4 e2 69. Kf3 Kf5 70. Kxe2 Ke4 71. Bc5 Kf5 72. Kf3
Kg5 73. Bd6 Kf5 74. Kg3 Ke4 75. Be5 Kf5 76. Kh4 Kg6 77. g3 Kh6 78. Bf4+ Kg6 79.
h3 Kg7 80. Kxh5 Kh7 81. g4 Kg7 82. g5 Kh7 83. g6+ Kg8 84. Be5 Kf8 85. Kh6 Kg8
86. g7 Kf7 87. Kh7 Ke7 88. g8=Q Kd7 89. Kg6 Kc6 90. Qb8 Kd7 91. Qc7+ Ke8 92. Kf6
Kf8 93. Qf7# 1-0

[Event "Asian Nations Cup w 2016"]
[Site "Abu Dhabi UAE"]
[Date "2016.03.29"]
[Round "2.4"]
[White "Mendis, Dasuni Hansika"]
[Black "Zhylkaidarova, Sholpan"]
[Result "0-1"]
[WhiteTitle "WCM"]
[BlackTitle "WFM"]
[WhiteElo "1739"]
[BlackElo "2176"]
[WhiteTeam "Sri Lanka"]
[BlackTeam "Kazakhstan"]
[WhiteFideId "9907696"]
[BlackFideId "13700138"]
[EventDate "2016.03.28"]
[EventType "team"]

1. e4 e6 2. d4 d5 3. Nc3 Nf6 4. exd5 exd5 5. Bd3 c6 6. Nf3 Bd6 7. O-O O-O 8. Ne2
Qc7 9. Ng3 Bg4 10. Re1 Nbd7 11. Bg5 h6 12. Be3 Rfe8 13. Qc1 Ne4 14. Nh4 Ndf6 15.
c3 Nxg3 16. hxg3 Ne4 17. Bxh6 gxh6 18. f3 Bxg3 19. Rxe4 dxe4 20. fxg4 Bxh4 21.
Qxh6 exd3 22. Qxh4 Qe7 0-1

[Event "Asian Nations Cup w 2016"]
[Site "Abu Dhabi UAE"]
[Date "2016.03.30"]
[Round "3.1"]
[White "Ranasinghe, S D"]
[Black "Ju, Wenjun"]
[Result "0-1"]
[WhiteTitle "WIM"]
[BlackTitle "GM"]
[WhiteElo "1740"]
[BlackElo "2568"]
[WhiteTeam "Sri Lanka"]
[BlackTeam "China"]
[WhiteFideId "9902651"]
[BlackFideId "8603006"]
[EventDate "2016.03.28"]
[EventType "team"]

1. Nf3 Nf6 2. b3 g6 3. Bb2 Bg7 4. e3 O-O 5. c4 d6 6. h4 e5 7. h5 Nxh5 8. Be2 f5
9. d4 e4 10. Nfd2 Nf6 11. Nc3 c5 12. Qc2 Nc6 13. d5 Ne5 14. f4 exf3 15. gxf3 Nh5
16. Kf2 f4 17. e4 Bf6 18. Rxh5 gxh5 19. Rg1+ Kh8 20. Ke1 h4 21. Nd1 h3 22. Nf1
Rg8 0-1

[Event "Asian Nations Cup w 2016"]
[Site "Abu Dhabi UAE"]
[Date "2016.03.30"]
[Round "3.2"]
[White "Tan, Zhongyi"]
[Black "Udupitiya, U G S S S"]
[Result "1-0"]
[WhiteTitle "WGM"]
[WhiteElo "2518"]
[BlackElo "1709"]
[WhiteTeam "China"]
[BlackTeam "Sri Lanka"]
[WhiteFideId "8603642"]
[BlackFideId "9904921"]
[EventDate "2016.03.28"]
[EventType "team"]

1. d4 Nf6 2. c4 e6 3. Nc3 Bb4 4. Nf3 O-O 5. Bg5 Bxc3+ 6. bxc3 d5 7. e3 Nbd7 8.
Bd3 c5 9. O-O b6 10. cxd5 exd5 11. Qc2 h6 12. Bh4 Bb7 13. Bh7+ Kh8 14. Bf5 Qc7
15. Bg3 Qc6 16. Rfd1 Rfe8 17. dxc5 bxc5 18. c4 d4 19. exd4 cxd4 20. Rxd4 Ne5 21.
Bxe5 Rxe5 22. Rad1 Rae8 23. Rd8 Re7 24. Rxe8+ Rxe8 25. c5 a5 26. h4 Bc8 27. Bxc8
Rxc8 28. Qc4 Qxc5 29. Rd8+ 1-0